Game of Thrones House Profiles Quiz Stats

 Plays Quiz Updated Jul 22, 2014

Challenge
Share
Tweet
Embed
Score 0/72 Timer 10:00
7 Plays Today
% Correct
The North
98.4%
Lord Eddard Stark
95.6%
Snow
95.3%
Direwolf
94.3%
Winter is Coming
91.7%
Winterfell
91.7%
Iron Islands
86.6%
Silver
86.3%
White
84.5%
Lion
83.9%
Lord Tywin Lannister
83.9%
Red
81.3%
Gold
81.2%
King Robert Baratheon
80.3%
Three-Headed Dragon
79.6%
Trout
79.4%
Kraken
79%
Casterly Rock
78.2%
Crowned Stag
77.7%
The Riverlands
75.9%
Lord Balon Greyjoy
74.5%
The Vale of Arryn
74.2%
Red and Blue
73.7%
King Viserys Targaryen
73.1%
Rose
73%
Black
72.8%
Lord Robert Arryn
72.4%
Pyke
72.3%
Riverrun
72.1%
Red
71.3%
Dragonstone
70.7%
Black
70.4%
Westerlands
70.3%
Dorne
70.3%
Moon and Falcon
69.1%
Highgarden
67.8%
% Correct
Blue
67.5%
The Eyrie
67%
White
66.6%
Sand
66.4%
We Do Not Sow
66.3%
Rivers
66%
Silver
65.9%
Hear Me Roar!
65.6%
Gold
65.2%
Gold
64.8%
Black
64.6%
Speared Sun
64%
Green
63.3%
Gold
62.4%
The Stormlands
61.9%
Lord Hoster Tully
61.4%
Orange
60.4%
Red
59.8%
Lord Mace Tyrell
59.7%
Storm's End
59.6%
Sunspear
59.3%
Flowers
59%
Stone
58%
The Reach
57.9%
Storm
57.3%
Fire and Blood
57.2%
Family, Duty, Honor
55.6%
Prince Doran Nymeros Martell
54.1%
Growing Strong
51.9%
Pyke
50.5%
Ours is The Fury
50.5%
As High As Honor
44%
The Crownlands
42.9%
Unbowed, Unbent, Unbroken
40.7%
Hill
39.3%
Waters
35.4%

You're not logged in!

Compare scores with friends on all Sporcle quizzes.
Join for Free
OR
Log In

You Might Also Like...

Show Comments

Extras

Top Quizzes Today


Score Distribution

Your Account Isn't Verified!

In order to create a playlist on Sporcle, you need to verify the email address you used during registration. Go to your Sporcle Settings to finish the process.

Report this User

Report this user for behavior that violates our Community Guidelines.

Details: